000 01034nam a22003137a 4500
003 CHAP
005 20220329133819.0
008 971013s1982 r 00010 d
010 _a11268
011 _a12240
035 _a14608
040 _cCHAP
090 _aFolleto 10630
100 0 0 _aTurrent Fernández, Antonio.
_9115685
245 1 _aExamen del componente técnico de una estrategia para aumentar la productividad de la agricultura en pequeño, en México
260 _aChapingo, Méx. :
_bEl autor,
_c[1982?]
300 _a15 h.
500 _aD90-249
590 _aBATCH-UPD
_b10
_c20130110
_lUCH01
_h1144
590 _aBATCH-UPD
_b10
_c20130410
_lUCH01
_h0729
590 _aBATCH-UPD
_b10
_c20130914
_lUCH01
_h0038
590 _aCONVERSION
_b10
_c20130109
_lUCH01
_h1307
650 1 4 _aAgricultura
_zMéxico.
_91932
650 1 4 _aCultivos
_xRendimiento.
_930318
710 0 _aColegio de Postgraduados. Chapingo, Méx.
_925068
901 _aBK
942 _cFOLL
949 _aFolleto 10630
_bBC
_cFOLL
_d-152925
_eTS1
_i14608
_si
999 _c11268
_d11268